000
00327nam a2200133Ia 4500
005
20251222141932.0
008
251222s9999||||xx |||||||||||||| ||spa||
020
_a
84-293-1119-X
082
_a
269.2/E64
100
_a
Enrique y Tarancón, Vicente
245
0
_a
De Cara al Tercer Milenio:
264
_b
Sal Terrae
942
_c
LIB
999
_c
9077
_d
9077